000 00609nam a22002177a 4500
003 UA-OsUOA
001 56035
007 ta
008 20080929b un ||||| |||| 00| 0 ukr d
100 _aКулинич Р.О.
090 _a330
_bК90
942 _cSA
040 _aUA-OsUOA
_bukr
_cUA-OsUOA
_dUA-OsUOA
245 _aІндексний вплив інфляції на доходи населення
300 _aС.21-24
955 _a0
041 _aukr
080 _a330
773 0 _w56033
_tСтатистика України
_dК.
_d2008
_g2
650 7 _a330 Економіка взагалі
_2UDC
999 _c342334
_d342334